| 000 | 00761nam a2200241Ia 4500 | ||
|---|---|---|---|
| 008 | 131103s9999 xx 000 0 und d | ||
| 040 | _aLoreto College | ||
| 041 | _aEnglish | ||
| 082 |
_a320.01(w)/JON _bLCLIB |
||
| 100 | _aJones, W. T. | ||
| 245 |
_aMasters of political thought _b Machiavelli to Bentham _cby W. T. Jones; edited by Edward McChesney Sait |
||
| 260 |
_aLondon _bHarap _c1947(!957 printing) |
||
| 300 |
_av.2 _c 22 cm. |
||
| 504 | _aIncludes bibliographical references and index | ||
| 630 | _aPolitical Thought | ||
| 630 | _aPolitics | ||
| 630 | _aWestern-Political Thought | ||
| 650 | _aPolitical Science | ||
| 651 | _aMachiavelli,Bentham | ||
| 700 | _aSait, Edward McChesney, ed. | ||
| 850 | _aLCLIB/320.01(w)/JON | ||
| 942 | _cBK | ||
| 999 |
_c262 _d50741 |
||